Mechanics of materials / (Record no. 32110)

000 -LEADER
fixed length control field 01211cam a2200337 a 4500
001 - CONTROL NUMBER
control field 15182650
003 - CONTROL NUMBER IDENTIFIER
control field OSt
005 - DATE AND TIME OF LATEST TRANSACTION
control field 20170105113037.0
008 - FIXED-LENGTH DATA ELEMENTS--GENERAL INFORMATION
fixed length control field 080215s2009 nyua 001 0 eng
010 ## - LIBRARY OF CONGRESS CONTROL NUMBER
LC control number 2008007412
020 ## - INTERNATIONAL STANDARD BOOK NUMBER
International Standard Book Number 9780073529387 (hard copy : alk. paper)
020 ## - INTERNATIONAL STANDARD BOOK NUMBER
International Standard Book Number 0073529389 (hard copy : alk. paper)
020 ## - INTERNATIONAL STANDARD BOOK NUMBER
International Standard Book Number 9780077221409 (set)
020 ## - INTERNATIONAL STANDARD BOOK NUMBER
International Standard Book Number 0077221400 (set)
035 ## - SYSTEM CONTROL NUMBER
System control number (OCoLC)ocn192134588
035 ## - SYSTEM CONTROL NUMBER
System control number (OCoLC)192134588
040 ## - CATALOGING SOURCE
Original cataloging agency DLC
Transcribing agency DLC
Modifying agency YDX
-- BTCTA
-- YDXCP
-- BAKER
-- DLC
050 00 - LIBRARY OF CONGRESS CALL NUMBER
Classification number TA405
Item number .B39 2009
082 00 - DEWEY DECIMAL CLASSIFICATION NUMBER
Classification number 620.1/123
Edition number 22
245 00 - TITLE STATEMENT
Title Mechanics of materials /
Statement of responsibility, etc. Ferdinand P. Beer ... [et al.].
250 ## - EDITION STATEMENT
Edition statement 5th ed.
260 ## - PUBLICATION, DISTRIBUTION, ETC.
Place of publication, distribution, etc. New York :
Name of publisher, distributor, etc. McGraw-Hill Higher Education,
Date of publication, distribution, etc. c2009.
300 ## - PHYSICAL DESCRIPTION
Extent xix, 790 p. :
Other physical details ill. ;
Dimensions 27 cm.
500 ## - GENERAL NOTE
General note Includes index.
650 #0 - SUBJECT ADDED ENTRY--TOPICAL TERM
Topical term or geographic name entry element Strength of materials
Form subdivision Textbooks.
700 1# - ADDED ENTRY--PERSONAL NAME
Personal name Beer, Ferdinand P.
Fuller form of name (Ferdinand Pierre),
Dates associated with a name 1915-2003.
856 41 - ELECTRONIC LOCATION AND ACCESS
Materials specified Table of contents only
Uniform Resource Identifier <a href="http://www.loc.gov/catdir/toc/ecip0811/2008007412.html">http://www.loc.gov/catdir/toc/ecip0811/2008007412.html</a>
906 ## - LOCAL DATA ELEMENT F, LDF (RLIN)
a 7
b cbc
c orignew
d 1
e ecip
f 20
g y-gencatlg
942 ## - ADDED ENTRY ELEMENTS (KOHA)
Source of classification or shelving scheme
Koha item type Book
Holdings
Withdrawn status Lost status Source of classification or shelving scheme Damaged status Not for loan Permanent Location Current Location Date acquired Total Checkouts Full call number Barcode Date last seen Date last checked out Price effective from Koha item type
          School of Mechanical & Manufacturing Engineering (SMME) School of Mechanical & Manufacturing Engineering (SMME) 07/24/2015 2 620.112 MEC SMME-707 08/30/2022 12/17/2021 07/24/2015 Book
          School of Mechanical & Manufacturing Engineering (SMME) School of Mechanical & Manufacturing Engineering (SMME) 07/24/2015 3 620.112 MEC SMME-708 06/27/2022 03/02/2022 07/24/2015 Book
© 2023 Central Library, National University of Sciences and Technology. All Rights Reserved.